000 00337nam a22001577a 4500
003 SGT
020 _a9789366165714
082 _a612
_bSEM
100 _aSEMBULINGAM K
245 _aESSENTIALS OF MEDICAL PHYSIOLOGY
250 _a10TH
260 _aINDIA
_bJAYPEE
_c2025
300 _a1009
650 _aPHYSIOLOGY
942 _2ddc
_cBK
999 _c32841
_d32841